000 00492cam a22002051 4500
001 sa 68001354
003 DLC
005 20260227112432.0
008 891009s1966 ii 000 0 malo
010 _asa 68001354
035 _a(OCoLC)20459086
040 _aDLC
_cWaU
_dDLC
042 _apremarc
050 0 0 _aPL4718.9.D45
_bP8
100 1 _aDevan, N. V.
245 1 0 _aPutiya pr̲akāśaṃ.
260 _aKunnamkulam,
_c[1966]
300 _a190 p.
_c18 cm.
500 _aIn Malayalam.
999 _c77884
_d77884